Profesia týždenník s najväčšou ponukou práce

Bibliographic Details
Other Authors: Schäfferová, Iveta (Publishing director)
Format: Journal
Language:Slovak
PhysicalDescription:8 zv. ilustr. 31 cm
online vydanie: Profesia = ISSN 1336-3166
Published: Bratislava Profesia 2002-2009
ISSN:1336-1228
Subjects:
Online Access:http://www.profesia.sk

MARC

LEADER 00000cas a2200000 a 4500
001 vtls001466488
003 SK-MaSNL
005 20260228161108.0
008 040116c20022009xo wr|p 0 0b0slo
022 |a 1336-1228 
035 |a SNK000421793 
035 |a (SVKBB03)vtls000127696 
040 |a SNK  |b slo  |c SNK  |d SVKBB  |e AACR2 
041 |a slo 
044 |a xo  |c SK 
072 7 |a 331  |x Práca  |2 konspekt 
080 |a 331.102  |2 2011 
080 |a 070.48  |2 2011 
210 0 |a Profesia  |b (Tlač. vyd.) 
222 0 |a Profesia  |b (Tlačené vydanie) 
245 0 0 |a Profesia  |b týždenník s najväčšou ponukou práce 
260 |a Bratislava  |b Profesia  |c 2002-2009 
300 |a 8 zv.  |b ilustr.  |c 31 cm 
310 |a 1x týždenne 
362 0 |a Roč. 1, č. 1 (2002)-roč. 8, č. 21 (2009) 
500 |a Šéfredaktorka: Iveta Schäfferová 
500 |a Reg. č.: MK SR 2833/2002 
500 |a Podnázov 2002-2006: celoslovenský týždenník pracovných príležitostí 
500 |a Časopis Profesia od č.22/2009 vychádza ako súčasť časopisu Avízo 
530 |a online vydanie: Profesia = ISSN 1336-3166 
650 0 7 |a zamestnanie  |2 SNKPH  |9 2208 
650 0 7 |a práca  |2 SNKPH  |9 2337 
650 0 7 |a pracovné príležitosti  |2 SNKPH  |9 267967 
655 7 |a inzertné časopisy  |2 SNKPH  |9 70809 
700 1 |a Schäfferová, Iveta  |4 pbd  |9 266341 
772 0 |t Avízo 
856 4 1 |u http://www.profesia.sk 
910 |a snk 
910 |a svkbb 
999 |c 4302  |d 6232 
952 |0 0  |1 0  |4 0  |7 1  |8 0  |a SNK  |b SNK  |d 2006-07-11  |i snk2006/13732  |l 0  |o snkČSB 5475/1/2002  |p 17A0502325  |r 2026-02-21 20:13:02  |t č. 1-16  |w 2026-02-21  |y NEVYP 
952 |0 0  |1 0  |4 0  |7 0  |8 0  |a SNK  |b SNK  |d 2006-07-11  |i snk2006/13734  |l 0  |o snkČSB 5475/1/2002 D1  |p 17A0502326  |r 2026-02-21 20:13:02  |t č. 1-16  |w 2026-02-21  |y PREZ 
952 |0 0  |1 0  |4 0  |7 1  |8 0  |a SNK  |b SNK  |d 2006-07-11  |i snk2006/13736  |l 0  |o snkČSB 5475/2/2003/1  |p 17A0502327  |r 2026-02-21 20:13:02  |t č. 3-25, neúplné  |w 2026-02-21  |y NEVYP  |z Chýba č. 1, 2, 17 
952 |0 0  |1 0  |4 0  |7 0  |8 0  |a SNK  |b SNK  |d 2006-07-11  |i snk2006/13739  |l 0  |o snkČSB 5475/2/2003/1 D1  |p 17A0502328  |r 2026-02-21 20:13:02  |t č. 3-25, neúplné  |w 2026-02-21  |y PREZ  |z Chýba č. 1, 2, 17 
952 |0 0  |1 0  |4 0  |7 1  |8 0  |a SNK  |b SNK  |d 2006-07-11  |i snk2006/13747  |l 0  |o snkČSB 5475/2/2003/2  |p 17A0502329  |r 2026-02-21 20:13:02  |t č. 26-50  |w 2026-02-21  |y NEVYP 
952 |0 0  |1 0  |4 0  |7 0  |8 0  |a SNK  |b SNK  |d 2006-07-11  |i snk2006/13749  |l 0  |o snkČSB 5475/2/2003/2 D1  |p 17A0502330  |r 2026-02-21 20:13:02  |t č. 26-50  |w 2026-02-21  |y PREZ 
952 |0 0  |1 0  |4 0  |7 1  |8 0  |a SNK  |b SNK  |d 2006-07-11  |i snk2006/13752  |l 0  |o snkČSB 5475/3/2004/1  |p 17A0502331  |r 2026-02-21 20:13:02  |t č. 1-25  |w 2026-02-21  |y NEVYP 
952 |0 0  |1 0  |4 0  |7 0  |8 0  |a SNK  |b SNK  |d 2006-07-11  |i snk2006/13753  |l 0  |o snkČSB 5475/3/2004/1 D1  |p 17A0502332  |r 2026-02-21 20:13:02  |t č. 1-25  |w 2026-02-21  |y PREZ 
952 |0 0  |1 0  |4 0  |7 1  |8 0  |a SNK  |b SNK  |d 2006-07-11  |i snk2006/13759  |l 0  |o snkČSB 5475/3/2004/2  |p 17A0502333  |r 2026-02-21 20:13:03  |t č. 26-50  |w 2026-02-21  |y NEVYP 
952 |0 0  |1 0  |4 0  |7 0  |8 0  |a SNK  |b SNK  |d 2006-07-11  |i snk2006/13772  |l 0  |o snkČSB 5475/3/2004/2 D1  |p 17A0502334  |r 2026-02-21 20:13:04  |t č. 26-50  |w 2026-02-21  |y PREZ 
952 |0 0  |1 0  |4 0  |7 0  |8 0  |a SNK  |b SNK  |d 2007-06-21  |i snk2007/15843  |l 0  |o snkČSB 5475/4/2005/1  |p 17A0548881  |r 2026-02-21 20:20:24  |t č. 1-24  |w 2026-02-21  |y PREZ 
952 |0 0  |1 0  |4 0  |7 0  |8 0  |a SNK  |b SNK  |d 2007-06-21  |i snk2007/15848  |l 0  |o snkČSB 5475/4/2005/2  |p 17A0548882  |r 2026-02-21 20:20:24  |t č. 25-51, neúplné  |w 2026-02-21  |y PREZ  |z Chýba č. 47 
952 |0 0  |1 0  |4 0  |7 0  |8 0  |a SNK  |b SNK  |d 2007-06-21  |i snk2007/15852  |l 0  |o snkČSB 5475/5/2006/1  |p 17A0548883  |r 2026-02-21 20:20:25  |t č. 1-26  |w 2026-02-21  |y PREZ 
952 |0 0  |1 0  |4 0  |7 0  |8 0  |a SNK  |b SNK  |d 2007-06-21  |i snk2007/15854  |l 0  |o snkČSB 5475/5/2006/1 D1  |p 17A0548885  |r 2026-02-21 20:20:25  |t č. 1-26  |w 2026-02-21  |y PREZ 
952 |0 0  |1 0  |4 0  |7 0  |8 0  |a SNK  |b SNK  |d 2007-06-21  |i snk2007/15857  |l 0  |o snkČSB 5475/5/2006/2  |p 17A0548884  |r 2026-02-21 20:20:48  |t č. 27-51  |w 2026-02-21  |y PREZ 
952 |0 0  |1 0  |4 0  |7 0  |8 0  |a SNK  |b SNK  |d 2007-06-21  |i snk2007/15858  |l 0  |o snkČSB 5475/5/2006/2 D1  |p 17A0548886  |r 2026-02-21 20:20:48  |t č. 27-51  |w 2026-02-21  |y PREZ 
952 |0 0  |1 0  |4 0  |7 0  |8 0  |a SNK  |b SNK  |d 2018-09-20  |i snk2018/19086  |l 0  |o snkČSB 5475/8/2009  |p 17A1329045  |r 2026-02-21 22:26:37  |t č. 1-21  |w 2026-02-21  |y PREZ 
952 |0 0  |1 0  |4 0  |7 0  |8 0  |a SNK  |b SNK  |d 2018-09-20  |i snk2018/19078  |l 0  |o snkČSB 5475/6/2007/1  |p 17A1329041  |r 2026-02-21 22:27:39  |t č. 1-26  |w 2026-02-21  |y PREZ 
952 |0 0  |1 0  |4 0  |7 0  |8 0  |a SNK  |b SNK  |d 2018-09-20  |i snk2018/19081  |l 0  |o snkČSB 5475/6/2007/2  |p 17A1329042  |r 2026-02-21 22:27:40  |t č. 27-51  |w 2026-02-21  |y PREZ 
952 |0 0  |1 0  |4 0  |7 0  |8 0  |a SNK  |b SNK  |d 2018-09-20  |i snk2018/19083  |l 0  |o snkČSB 5475/6/2007/1 D1  |p 17A1329043  |r 2026-02-21 22:27:40  |t č. 1-26  |w 2026-02-21  |y PREZ 
952 |0 0  |1 0  |4 0  |7 0  |8 0  |a SNK  |b SNK  |d 2018-09-20  |i snk2018/19085  |l 0  |o snkČSB 5475/6/2007/2 D1  |p 17A1329044  |r 2026-02-21 22:27:40  |t č. 27-51  |w 2026-02-21  |y PREZ 
952 |0 0  |1 0  |4 0  |7 0  |8 0  |a SNK  |b SNK  |d 2018-09-20  |i snk2018/19109  |l 0  |o snkČSB 5475/7/2008/1  |p 17A1329046  |r 2026-02-21 22:27:40  |t č. 1-26  |w 2026-02-21  |y PREZ 
952 |0 0  |1 0  |4 0  |7 0  |8 0  |a SNK  |b SNK  |d 2018-09-20  |i snk2018/19111  |l 0  |o snkČSB 5475/7/2008/2  |p 17A1329047  |r 2026-02-21 22:27:40  |t č. 27-51  |w 2026-02-21  |y PREZ 
952 |0 0  |1 0  |4 0  |7 0  |8 0  |a SNK  |b SNK  |d 2018-09-20  |i snk2018/19113  |l 0  |o snkČSB 5475/7/2008 D1  |p 17A1329048  |r 2026-02-21 22:27:40  |t č. 1-51, neúplné  |w 2026-02-21  |y PREZ  |z Chýba č. 1-21, 23-51 
952 |0 0  |1 0  |4 0  |7 0  |8 0  |a SNK  |b SNK  |d 2018-09-20  |i snk2018/19114  |l 0  |o snkČSB 5475/4/2005/1 D1  |p 17A1329049  |r 2026-02-21 22:27:40  |t č. 1-24  |w 2026-02-21  |y PREZ 
952 |0 0  |1 0  |4 0  |7 0  |8 0  |a SNK  |b SNK  |d 2018-09-20  |i snk2018/19115  |l 0  |o snkČSB 5475/4/2005/2 D1  |p 17A1329050  |r 2026-02-21 22:27:41  |t č. 25-51, neúplné  |w 2026-02-21  |y PREZ  |z Chýba č. 36